ბათუმის შოთა რუსთაველის სახელმწიფო უნივერსიტეტის ბიბლიოთეკა

სამშენებლო საქმის საფუძვლები : (ბიბ.ჩანაწერი № 39606)

000 -ლიდერი
ფიქსირებული სიგრძის საკონტროლო ველი 01062nam a2200229Ia 4500
001 - საკონტროლო ნომერი
საკონტროლო ველი 6206
003 - საკონტროლო ნომრის იდენტიფიკატორი
საკონტროლო ველი GE_BSU
005 - ბოლო ოპერაციის თარიღი და დრო
საკონტროლო ველი 20190610161600.0
008 - ფიქსირებული სიგრძის მონაცემთა ელემენტები - ზოგადი ინფორმაცია
ფიქსირებული სიგრძის საკონტროლო ველი 181216s1961||||ge |||||||||||||| ||GEO||
040 ## - კატალოგიზაციის წყარო
Transcribing agency GE_BSU
080 ## - უნივერსალური ათობითი კლასიფიკაციის ინდექსი
Universal Decimal Classification number 69(075.8) დ-64
100 ## - მთავარი ჩანაწერი - პიროვნების სახელი
Personal name დობორჯგინიძე, შ.
9 (RLIN) 719
245 ## - ცნობა სათაურის შესახებ
Title სამშენებლო საქმის საფუძვლები :
Remainder of title სახელმძღვ. /
Statement of responsibility, etc შ. დობორჯგინიძე, ნ. თუხარელი ; რედ. დ. მშვენიერაძე.
264 ## - წარმოების, გამოცემის, დისტრიბუციის და სხვა ცნობები
გამოცემის, წარმოების, დისტრიბუციის... ადგილი თბილისი :
გამოცემის, წარმოების, დისტრიბუციის... სახელწოდება სპი,
გამოცემის, წარმოების, დისტრიბუციის... თარიღი 1961.
300 ## - ფიზიკური აღწერა
Extent 348 გვ.:
Other physical details ილ. ;
Dimensions 22 სმ.
504 ## - BIBLIOGRAPHY, ETC. NOTE
Bibliography, etc ბიბლიოგრ. : გვ.344.
653 ## - INDEX TERM--UNCONTROLLED
Uncontrolled term სამშენებლო საქმის საფუძვლები
653 ## - INDEX TERM--UNCONTROLLED
Uncontrolled term სამშენებლო საქმე
700 ## - ADDED ENTRY--PERSONAL NAME
Personal name თუხარელი, ნ.
Relator term ავტორი
9 (RLIN) 303
700 ## - ADDED ENTRY--PERSONAL NAME
Relator code თუხარელი, ნ.
Dates associated with a name რედაქტორი
9 (RLIN) 2329
942 ## - ADDED ENTRY ELEMENTS (KOHA)
Koha item type წიგნი
Source of classification or shelving scheme
ეგზემპლარები
ჩამოწერის სტატუსი დაკარგული ეგზემპლარის სტატუსი კლასიფიკაციის წყარო ან თაროზე გაწყობის სქემა დაზიანების სტატუსი არ გაიცემა მუდმივი მდებარეობა (დაცვის ადგილი) ამჟამინდელი ადგილსამყოფელი თაროზე განთავსების ადგილი შეძენის თარიღი ღირებულება, შესყიდვის ნორმალური ფასი სრული შენახვის შიფრი შტრიხკოდი ბოლო ოპერაციის თარიღი ეგზემპლარის მიმდევრობითი ნომერი (კეტერი?) ფასის ძალაში შესვლის თარიღი ეგზემპლარის სახეობა საჯარო შენიშვნა
          ტექნოლოგიური ფაკულტეტის ბიბლიოთეკა ტექნოლოგიური ფაკულტეტის ბიბლიოთეკა წიგნსაცავი 2018-12-17 2.08 69(075.8) დ-64 12207 2018-12-17 12207 2018-12-17 წიგნი 2.80 ლ.
          ტექნოლოგიური ფაკულტეტის ბიბლიოთეკა ტექნოლოგიური ფაკულტეტის ბიბლიოთეკა წიგნსაცავი 2018-12-17 2.08 69(075.8) დ-64 12208 2018-12-17 12208 2018-12-17 წიგნი 2.08 ლ.
          ტექნოლოგიური ფაკულტეტის ბიბლიოთეკა ტექნოლოგიური ფაკულტეტის ბიბლიოთეკა წიგნსაცავი 2018-12-17 2.08 69(075.8) დ-64 12209 2018-12-17 12209 2018-12-17 წიგნი 2.08 ლ.